000 00555nam a2200133Ia 4500
008 171212s9999 xx 000 0 und d
020 _a9781922144270
100 _aBammer, Gabriele
245 _cBammer, Gabriele
_aDisciplining Interdisciplinarity
_bIntegration and Implementation Sciences for Researching Complex Real-World Problems
260 _bANU E Press
_c2013
650 _aGeneral Science
650 _aSocial sciences -- Methodology; Science -- Methodology; Applied sociology; Social problems
856 _uwww.jstor.org/stable/10.2307/j.ctt2jbkj5
999 _c351082
_d351082